Central Library OPAC University of Rajshahi

My three years in Manipur and escape from the recent mutiny / (Record no. 23775)

MARC details
000 -LEADER
fixed length control field 00692nam a2200241u 4500
001 - CONTROL NUMBER
control field 23775
003 - CONTROL NUMBER IDENTIFIER
rucl marc code BD-RjUL
005 - DATE AND TIME OF LATEST TRANSACTION
control field 20211209000953.0
008 - FIXED-LENGTH DATA ELEMENTS--GENERAL INFORMATION
fixed length control field 140311s1891 enkc 000 0 eng
035 ## - SYSTEM CONTROL NUMBER
System control number (BD-RjUL)23840
040 ## - CATALOGING SOURCE
Original cataloging agency DLC
Transcribing agency CarP
Modifying agency BD-RjUL
Language of cataloging eng
041 ## - LANGUAGE CODE
Language code of text/sound track or separate title eng
082 04 - DEWEY DECIMAL CLASSIFICATION NUMBER
Classification number 954.17
Author mark and year GRM 1891
100 1# - MAIN ENTRY--PERSONAL NAME
Personal name Grimwood, Ethel St. Clair.
9 (RLIN) 73207
245 10 - TITLE STATEMENT
Title My three years in Manipur and escape from the recent mutiny /
Statement of responsibility, etc. Ethel St Clair Grimwood.
250 ## - EDITION STATEMENT
Edition statement [3rd ed.]
260 ## - PUBLICATION, DISTRIBUTION, ETC. (IMPRINT)
Place of publication, distribution, etc. London :
Name of publisher, distributor, etc. R. Bentley,
Date of publication, distribution, etc. 1891.
300 ## - PHYSICAL DESCRIPTION
Pagination 321 p. :
Illustrations ill., port. ;
Size 22 cm.
651 #0 - SUBJECT ADDED ENTRY--GEOGRAPHIC NAME
Geographic name Manipur (India)
9 (RLIN) 73208
942 ## - ADDED ENTRY ELEMENTS (KOHA)
Source of classification or shelving scheme Dewey Decimal Classification
Koha item type Books
Holdings
Lost status Source of classification or shelving scheme Damaged status Not for loan Collection code Permanent Location Current Location Shelving location Date acquired Source of acquisition Cost, normal purchase price Total Checkouts Full call number Date last seen Copy number Koha item type
  Dewey Decimal Classification   Added to bundle Non-fiction Central Library, University of Rajshahi Central Library, University of Rajshahi Reading Room 26/10/1963 Zetlinger 0.00   954.17 GRM 1891 11/03/2014 C-1 Books